|
|
|
|
| LEADER |
01166nam a2200241 a 4500 |
| 001 |
1635899 |
| 008 |
091107s1997 nyua 001 0ceng d |
| 010 |
|
|
|a \\\96034284
|
| 020 |
|
|
|a 0471153311 (cloth : alk. paper)
|
| 040 |
|
|
|a DLC
|c DLC
|d DLC
|
| 082 |
0 |
0 |
|a 332.64/092/273
|2 20
|
| 100 |
1 |
|
|a Herera, Sue,
|d 1957-
|
| 245 |
1 |
0 |
|a Women of the Street :
|b making it on Wall Street--the world's toughest business /
|c Sue Herera.
|
| 260 |
|
|
|a New York :
|b John Wiley & Sons,
|c c1997.
|
| 300 |
|
|
|a xxvi, 208 p. :
|b ill. ;
|c 24 cm.
|
| 504 |
|
|
|a Includes index.
|
| 541 |
1 |
|
|e 00008050
|
| 650 |
|
0 |
|a Women stockbrokers
|z United States
|v Biography.
|
| 651 |
|
0 |
|a Wall Street (New York, N.Y.)
|
| 852 |
4 |
|
|a Ayesha Abed Library
|j General shelf
|
| 999 |
|
|
|c 5154
|d 5154
|
| 952 |
|
|
|0 0
|1 3
|2 ddc
|4 0
|6 332_640000000000000_092_273_HER_1997
|7 0
|9 5007
|a BRACUL
|b BRACUL
|c GEN
|d 2009-11-07
|g 560.00
|l 1
|m 8
|o 332.64092273 HER
|p 3010008050
|r 2016-08-30
|s 2013-08-05
|t 1
|v 1120.00
|w 2009-11-07
|y BK
|x Lost and cost paid by student (560X2)=1120/- (ID-12104164)
|
| 952 |
|
|
|0 0
|1 0
|2 ddc
|4 0
|6 332_640922730000000_HER
|7 0
|9 42918
|a SCL
|b SCL
|c GEN
|d 2000-12-09
|l 2
|m 2
|o 332.64092273 HER
|p 3020002971
|r 2023-08-27
|s 2023-08-13
|t 1
|w 2014-07-06
|y BK
|